000 00512nam a22001697a 4500
999 _c6344
_d6344
003 GBCCL
005 20241126110601.0
008 180510b ||||| |||| 00| 0 eng d
040 _cgbc
082 _a226.2007
_bMAC
100 _aMacArthur, John
_98028
245 _aMastering Materialism:
_bStudy notes Matthew 6: 19-34 /
_cJohn MacArthur
260 _aPanorama City:
_bWord of Grace Communications,
_c1983
300 _a89 p.;
_c22 cm.
650 _aBible
_vMatthew
_xStudy and teaching
_911367
942 _2ddc
_cBK
_01